Biblioteca

Prevalecer en oración (Registro nro. 50377)

Detalles MARC
000 -LÍDER
Campo fijo de descripción fija 01234aab a2200205 i 4500
001 - NÚMERO DE CONTROL
Campo de control 768714001
003 - IDENTIFICADOR DEL NÚMERO DE CONTROL
Campo de control CO-MdFUSB
005 - FECHA Y HORA DE LA ULTIMA TRANSACCIÓN
control field 20250304160709.0
008 - ELEMENTOS DE LONGITUD FIJA -- INFORMACIÓN GENERAL
Campo fijo de descripción fija -- Información general 170812s1988 cr ||||| |||| 00| 0 spa d
040 ## - FUENTE DE CATALOGACIÓN
Agencia Catalogadora CO-MdFUSB
Idioma de catalogación spa
Agencia que realiza la transcripción CO-MdFUSB
Agencia que realiza la modificación CO-MdFUSB
041 ## - CÓDIGO DE IDIOMA
Código de idioma para texto/pista de sonido o título separado spa
100 1# - ASIENTO PRINCIPAL--NOMBRE PERSONAL
Nombre personal Simpson, Charles
Término relacionador autor
245 10 - TÍTULO
Título Prevalecer en oración
Mención de responsabilidad / Charles Simpson
300 ## - DESCRIPCIÓN FÍSICA
Extensión Volumen 1. Número 6 (1988), páginas 114-117
Dimensiones : 28 cm.
520 ## - NOTA DE RESUMEN, ETC.
Nota de sumario, etc. Este texto enfatiza la importancia de la oración como un medio para buscar la presencia de Dios y alinearse con su propósito divino. Utiliza ejemplos bíblicos como Ana y Daniel para ilustrar la profunda necesidad de pureza espiritual, como la necesidad de un hijo o un profeta. El texto enfatiza que la oración no es solo una disciplina, sino un propósito profundo alineado con el corazón de Dios, que permite cambios y respuestas divinas. El texto anima a la Iglesia a participar en la oración por la restauración, el fortalecimiento y el despertar espiritual que pueden impactar a la sociedad.
650 #0 - ASIENTO SECUNDARIO DE MATERIA - TERMINO TEMÁTICO
Término temático o nombre geográfico como elemento de entrada Vida cristiana
9 (RLIN) 19
773 0# - ASIENTO DE ITEM FUENTE
Título Conquista Cristiana
Biblionumber 49446
Itemnumber 60365
Parte(s) relacionada(s) / Volumen., número. (mes año), páginas Volumen 1. Número 6 (1988), páginas 114-117
Enumeración y primera página Página 114
942 ## - TIPO DE MATERIAL (KOHA)
Tipo de Item KOHA Artículos de Revista
945 ## - INFORMACIÓN LOCAL DEL REGISTRO
Catalogador JTF-925

No hay ítems disponibles.

Biblioteca FUSBC | Teléfono: (57+4) 349 88 10 Ext. 141| WhatsApp (+57) 3005338115 
E-mail: biblioteca@unisbc.edu.co | Calle 76 87-14 Robledo Palenque, Medellín, Colombia

Con tecnología Koha